000 00465nam a2200193Ia 4500
008 170918s9999 xx 000 0 und d
020 _a9780545061605
050 _bE716 2006
100 _aErnst, Lisa Campbell
245 4 _aThe gingerbread girl /
245 _cby Lisa Campbell Ernst.
260 _aNew York :
260 _bScholastic,
260 _c2006
300 _aunpaged :
300 _bcolored illustration ;
300 _c28cm.
500 _a950
999 _c343115
_d343115